<?xml version="1.0" encoding="UTF-8"?><?xml-stylesheet type="text/xsl" href="static/style.xsl"?><OAI-PMH xmlns="http://www.openarchives.org/OAI/2.0/" xmlns:xsi="http://www.w3.org/2001/XMLSchema-instance" xsi:schemaLocation="http://www.openarchives.org/OAI/2.0/ http://www.openarchives.org/OAI/2.0/OAI-PMH.xsd"><responseDate>2026-04-17T04:09:22Z</responseDate><request verb="GetRecord" identifier="oai:www.recercat.cat:2445/191440" metadataPrefix="marc">https://recercat.cat/oai/request</request><GetRecord><record><header><identifier>oai:recercat.cat:2445/191440</identifier><datestamp>2025-12-05T10:59:40Z</datestamp><setSpec>com_2072_1057</setSpec><setSpec>col_2072_478847</setSpec><setSpec>col_2072_478917</setSpec></header><metadata><record xmlns="http://www.loc.gov/MARC21/slim" xmlns:dcterms="http://purl.org/dc/terms/" xmlns:xsi="http://www.w3.org/2001/XMLSchema-instance" xmlns:doc="http://www.lyncode.com/xoai" xsi:schemaLocation="http://www.loc.gov/MARC21/slim http://www.loc.gov/standards/marcxml/schema/MARC21slim.xsd">
   <leader>00925njm 22002777a 4500</leader>
   <datafield ind2=" " ind1=" " tag="042">
      <subfield code="a">dc</subfield>
   </datafield>
   <datafield ind2=" " ind1=" " tag="720">
      <subfield code="a">Ezquerro Esteban, Antonio</subfield>
      <subfield code="e">author</subfield>
   </datafield>
   <datafield ind2=" " ind1=" " tag="720">
      <subfield code="a">Capdepón Verdú, Paulino</subfield>
      <subfield code="e">author</subfield>
   </datafield>
   <datafield ind2=" " ind1=" " tag="720">
      <subfield code="a">Brugarolas, Oriol, 1979-</subfield>
      <subfield code="e">author</subfield>
   </datafield>
   <datafield ind2=" " ind1=" " tag="720">
      <subfield code="a">Verger, Neus, 1964-</subfield>
      <subfield code="e">author</subfield>
   </datafield>
   <datafield ind2=" " ind1=" " tag="260">
      <subfield code="c">2022-12-07T08:50:39Z</subfield>
   </datafield>
   <datafield ind2=" " ind1=" " tag="260">
      <subfield code="c">2023-11-01T06:10:26Z</subfield>
   </datafield>
   <datafield ind2=" " ind1=" " tag="260">
      <subfield code="c">2022</subfield>
   </datafield>
   <datafield ind2=" " ind1=" " tag="520">
      <subfield code="a">El tratado «De la música especulativa y práctica» (1709) incluido en el Compendio mathematico de fray Tomás Vicente Tosca está considerado el primer ensayo moderno de música del ámbito hispano que, en el contexto de la revolución científica y de los novatores y preilustrados, analiza en detalle la naturaleza física de los sonidos y de sus relaciones acústicas. Su autor reivindica una nueva manera de entender y enseñar la disciplina musical —más técnica, científica y racional— que empieza a darse en Europa a inicios del siglo XVIII. El presente libro ofrece una edición facsimilar de este tratado —con desplegables ilustrados—, precedida de dos estudios críticos que abordan, por un lado, su figura en el marco del pensamiento musical coetáneo y, por otro, su renovador discurso acerca del canto llano, la polifonía, la composición, la armonía y el contrapunto, así como de todo lo relacionado con los instrumentos, que lo convirtió en un referente del arte instrumental de su época.</subfield>
   </datafield>
   <datafield ind2=" " ind1=" " tag="520">
      <subfield code="a">Esta publicación es parte del proyecto coordinado de I+D+ y HAR 2017-&#xd;
86039-C2-1-P, «El patrimonio musical de la España moderna (siglos xvii-xviii):&#xd;
recuperación, digitalización, análisis, recepción y estructuras retóricas de los&#xd;
discursos musicales», financiado por MCIN/AEI/10.13039/501100011033/ y por&#xd;
FEDER.</subfield>
   </datafield>
   <datafield tag="653" ind2=" " ind1=" ">
      <subfield code="a">Matemàtica</subfield>
   </datafield>
   <datafield tag="653" ind2=" " ind1=" ">
      <subfield code="a">Música</subfield>
   </datafield>
   <datafield tag="653" ind2=" " ind1=" ">
      <subfield code="a">Segle XVIII</subfield>
   </datafield>
   <datafield tag="653" ind2=" " ind1=" ">
      <subfield code="a">Mathematics</subfield>
   </datafield>
   <datafield tag="653" ind2=" " ind1=" ">
      <subfield code="a">Music</subfield>
   </datafield>
   <datafield tag="653" ind2=" " ind1=" ">
      <subfield code="a">18th century</subfield>
   </datafield>
   <datafield tag="653" ind2=" " ind1=" ">
      <subfield code="a">Tosca i Mascó, Tomàs Vicent, 1651-1723 Compendio matemático</subfield>
   </datafield>
   <datafield ind2="0" ind1="0" tag="245">
      <subfield code="a">Tomás Vicente Tosca y la renovación musical en el siglo XVIII</subfield>
   </datafield>
</record></metadata></record></GetRecord></OAI-PMH>